| 000 | 00376nam a2200145 a 4500 | ||
|---|---|---|---|
| 001 | 862 | ||
| 003 | CDMR | ||
| 005 | 20130116135158.0 | ||
| 008 | 130130s ||||||||||||||||||||||||||||d | ||
| 040 |
_aCDMR _bcat _cCDMR |
||
| 100 | 1 |
_aParadera Franquesa, Alberto _9676 |
|
| 245 | 1 | 3 |
_aEl bandolerísmo en Catalunya... _cAlberto Paradera Franquesa |
| 260 | _aBarcelona>b1974 | ||
| 942 | _cTSN | ||
| 999 |
_c862 _d862 |
||